000 00383nam a22001457a 4500
999 _c1811
_d1811
008 200204b ||||| |||| 00| 0 eng d
082 0 0 _a512.02
_bF812
100 _91425
_aFraleigh, J. B.
245 1 0 _aA first course in abstract algebra /
_cby J.B. Fraleigh
250 _a5th ed.
260 _aNew Delhi:
_bNarosa Publishing,
_cc
300 _ax
650 0 _aMathematics
942 _cBK